000 01052nam a22003257a 4500
001 0036464
003 KOHA_MİRAKIL
005 20260207003008.0
007 ta
008 120430b2012 tu a|||gr||||#0|||1|eng |
020 _a6055529858
_q9786055529857
040 _aTR-BiSEU
_btur
_cTR-BiSEU
_erda
041 0 _aeng
044 _ctu
050 _aPE1114
_b.O98 2012
100 1 _aÖztürk, Cesur.
245 1 2 _aA systematic approachto KPDS and ÜDS/
_cCesur Öztürk ; Cesur Öztürk.
250 _a28.baskı
264 1 _aAnkara :
_bPelikan Yayıncılık
_c2012
300 _ax, 929 sayfa :
_btbl. ;
_c24 cm.
336 _ametin
_btxt
_2rdacontent
337 _aaracısız
_bn
_2rdamedia
338 _acilt
_bnc
_2rdacarrier
650 0 _aİngiliz dili--Ders kitapları, Yabancılar için.
_969131
650 0 _aEnglish language--Textbooks for foreign speakers.
_95137
650 0 _aİngiliz dili--Sınavlar, sorular, vb.
_91936
650 0 _aEnglish language--Examinations, questions, etc.
_91934
907 _aDil
942 _2lcc
_cBK
999 _c36361
_d36361